Lecciones de Derecho Financiero / (Record no. 136876)

MARC details
000 -LEADER
campo de control de longitud fija 00581nam a2200169 4500
001 - NÚMERO DE CONTROL
campo de control 136876
003 - IDENTIFICADOR DE NÚMERO DE CONTROL
campo de control ES-MaACL
005 - FECHA Y HORA DE LA ÚLTIMA TRANSACCIÓN
campo de control 20230906195243.0
007 - CAMPO FIJO DE DESCRIPCIÓN FÍSICA--INFORMACIÓN GENERAL
campo de control de longitud fija t|
008 - DATOS DE LONGITUD FIJA--INFORMACIÓN GENERAL
campo de control de longitud fija 070214s1979 sp r ||||1| spa d
100 1# - ENTRADA PRINCIPAL--NOMBRE DE PERSONA
Nombre de persona Sainz de Bujanda, Fernando (
Fechas asociadas al nombre 1915-1999)
9 (RLIN) 101580
245 10 - MENCIÓN DEL TÍTULO
Título Lecciones de Derecho Financiero /
Mención de responsabilidad, etc. Fernando Sainz de Bujanda.
260 ## - PUBLICACIÓN, DISTRIBUCIÓN, ETC.
Lugar de publicación, distribución, etc. Madrid :
Nombre del editor, distribuidor, etc. Universidad Complutense, Facultad de Derecho,
Fecha de publicación, distribución, etc. 1979.
300 ## - DESCRIPCIÓN FÍSICA
Extensión XI, 510 p. ;
Dimensiones 24 cm.
710 2# - ENTRADA AGREGADA--NOMBRE DE ENTIDAD CORPORATIVA
Nombre de entidad corporativa o nombre de jurisdicción como elemento de entrada Universidad Complutense de Madrid.
Unidad subordinada Facultad de Derecho.
9 (RLIN) 7119
852 ## - LOCALIZACIÓN
Ubicación ES-MaACL
Número de control de estantería A-10550
Sublocalización o colección R.99834
Holdings
Estatus retirado Estado de pérdida Estado de daño No para préstamo Biblioteca de origen Biblioteca actual Ubicación en estantería Fecha de adquisición Fuente de adquisición Total de préstamos Signatura topográfica completa Código de barras Visto por última vez Precio de reemplazo Tipo de ítem Koha
        Biblioteca del Ateneo de Madrid Biblioteca del Ateneo de Madrid Depósito 1 17/01/2008     A-10550 1142445 23/02/2023 23/02/2023 Libro impreso